00633cam a2200157 a 4500020001500000040000800015082002600023245006100049260005600110300003300166500018400199650001500383700002300398700002300421710003100444 a0841214832 cDLC00a668 AME 1988 A054 Or.00aPesticide formulations :binnovations and developments / aWashington, DC :bAmerican Chemical Society,c1988. axi, 288 p. :bill. ;c24 cm. a"Developed from a symposium sponsored by the Division of Agrochemicals at the 194th Meeting of the American Chemical Society, New Orleans, Louisiana, August 30-September 4, 1987." 0aPesticides1 aCross, Barrington,1 aScher, Herbert B.,2 aAmerican Chemical Society.